Qinghai Prefectural level divisions - Statistics

General Stats
  • This quiz has been taken 2 times
  • The average score is 4 of 8
Answer Stats
Answer % Correct
Haidong
100%
Xining
100%
Hainan
50%
Haixi
50%
Yushu
50%
Golog
0%
Haibei
0%
Huangnan
0%
No matching quizzes found
Score Distribution
Percent of People with Each Score
Percentile by Number Answered
Your Score History
You have not taken this quiz